00438nam a22001217a 450000500170000000800410001704000180005810000190007624501220009526000480021730000270026565000240029220250228083720.0250228b |||||||| |||| 00| 0 eng d aKMUcKMUdKMU aMatabile, Mike aAssessing the Involvement of Fish Farming to the Livelihoods of Rural Communities in Mumbwa District.cMatabile, Mike aChinsali:bKapasa Makasa University,c2020. av, 21p.:bill;c30 cm. aFisheries and Aquac